[Event "C10"]
[Site "?"]
[Date "2020.08.28"]
[Round "10.5"]
[White "Butkiewicz, Jan"]
[Black "Dunda, Szymon"]
[Result "1-0"]
[BlackElo "1291"]
[WhiteElo "1301"]
[LiveChessVersion "1.4.8"]

1. d4 {[%clk 0:15:19]} Nf6 {[%clk 0:15:18]} 2. c4 {[%clk 0:15:27]} e6
{[%clk 0:15:26]} 3. Nc3 {[%clk 0:15:36]} Bb4 {[%clk 0:15:34]} 4. Bg5
{[%clk 0:15:45]} Bxc3+ {[%clk 0:15:38]} 5. bxc3 {[%clk 0:15:54]} b6
{[%clk 0:15:47]} 6. Nf3 {[%clk 0:15:58]} Bb7 {[%clk 0:15:48]} 7. e3
{[%clk 0:16:07]} h6 {[%clk 0:15:56]} 8. Bh4 {[%clk 0:16:16]} g5 {[%clk 0:16:01]}
9. Bg3 {[%clk 0:16:23]} Ne4 {[%clk 0:16:09]} 10. Bd3 {[%clk 0:16:00]} f5
{[%clk 0:16:04]} 11. Be5 {[%clk 0:11:32]} Rg8 {[%clk 0:15:33]} 12. Nd2
{[%clk 0:10:14]} g4 {[%clk 0:14:34]} 13. Nxe4 {[%clk 0:09:55]} fxe4
{[%clk 0:14:34]} 14. Be2 {[%clk 0:09:54]} h5 {[%clk 0:14:33]} 15. h3
{[%clk 0:09:19]} Qg5 {[%clk 0:12:47]} 16. hxg4 {[%clk 0:08:55]} hxg4
{[%clk 0:12:50]} 17. Bf4 {[%clk 0:09:02]} Qg6 {[%clk 0:12:15]} 18. Rh4
{[%clk 0:08:51]} d6 {[%clk 0:11:51]} 19. Rh6 {[%clk 0:07:04]} Qf5
{[%clk 0:10:37]} 20. Rh4 {[%clk 0:06:54]} Qf6 {[%clk 0:08:41]} 21. Bg3
{[%clk 0:05:59]} Nd7 {[%clk 0:08:06]} 22. Bxg4 {[%clk 0:04:15]} O-O-O
{[%clk 0:08:03]} 23. Be2 {[%clk 0:03:41]} Rdf8 {[%clk 0:07:35]} 24. Rf4
{[%clk 0:03:24]} Qh6 {[%clk 0:07:19]} 25. Rxf8+ {[%clk 0:03:27]} Rxf8
{[%clk 0:07:23]} 26. Kd2 {[%clk 0:03:07]} e5 {[%clk 0:06:51]} 27. Bg4
{[%clk 0:02:30]} exd4 {[%clk 0:06:51]} 28. cxd4 {[%clk 0:02:29]} Qg5
{[%clk 0:06:11]} 29. Bxd7+ {[%clk 0:02:11]} Kxd7 {[%clk 0:06:18]} 30. Qa4+
{[%clk 0:02:12]} Bc6 {[%clk 0:05:45]} 31. Qc2 {[%clk 0:00:53]} d5
{[%clk 0:04:54]} 32. Rh1 {[%clk 0:00:34]} Qg6 {[%clk 0:04:09]} 33. cxd5
{[%clk 0:00:37]} Bxd5 {[%clk 0:03:27]} 34. Qxc7+ {[%clk 0:00:42]} Ke8
{[%clk 0:03:26]} 35. Qc8+ {[%clk 0:00:30]} Kf7 {[%clk 0:02:53]} 36. Qd7+
{[%clk 0:00:33]} Kg8 {[%clk 0:03:05]} 37. Qxd5+ {[%clk 0:02:48]} Qf7
{[%clk 0:03:11]} 38. Qxf7+ {[%clk 0:02:48]} Rxf7 {[%clk 0:03:19]} 39. Rh4
{[%clk 0:02:55]} Re7 {[%clk 0:03:27]} 40. Be5 {[%clk 0:03:03]} a5
{[%clk 0:03:30]} 41. Rxe4 {[%clk 0:03:12]} b5 {[%clk 0:03:36]} 42. Rg4+
{[%clk 0:03:20]} Kf7 {[%clk 0:03:44]} 43. Rg7+ {[%clk 0:03:29]} Ke6
{[%clk 0:03:53]} 44. Rxe7+ {[%clk 0:03:37]} Kxe7 {[%clk 0:04:02]} 45. Kc3
{[%clk 0:03:46]} b4+ {[%clk 0:04:11]} 46. Kb3 {[%clk 0:03:54]} Ke6
{[%clk 0:04:19]} 47. Ka4 {[%clk 0:04:03]} Kd5 {[%clk 0:04:27]} 48. Kxa5
{[%clk 0:04:03]} Kc4 {[%clk 0:04:36]} 49. d5 {[%clk 0:04:10]} Kxd5
{[%clk 0:04:44]} 50. Kxb4 {[%clk 0:04:16]} Kxe5 {[%clk 0:04:53]} 51. a4
{[%clk 0:04:25]} Kd6 {[%clk 0:05:01]} 52. a5 {[%clk 0:04:34]} Kc6
{[%clk 0:05:10]} 53. f4 {[%clk 0:04:42]} Kb7 {[%clk 0:05:20]} 54. f5
{[%clk 0:04:51]} Kb8 {[%clk 0:05:19]} 55. f6 {[%clk 0:05:00]} Ka8
{[%clk 0:05:27]} 56. f7 {[%clk 0:05:09]} Ka7 {[%clk 0:05:35]} 57. Kb5
{[%clk 0:05:17]} Kb7 {[%clk 0:05:42]} 58. f8=Q {[%clk 0:05:26]} Ka7
{[%clk 0:05:50]} 59. Qe7+ {[%clk 0:05:34]} Ka8 {[%clk 0:05:59]} 60. Kb6
{[%clk 0:05:44]} Kb8 {[%clk 0:06:07]} 61. Qd8# {[%clk 0:05:42]} 1-0

[Event "C10"]
[Site "?"]
[Date "2020.08.28"]
[Round "10.6"]
[White "Obrycki, Tomasz"]
[Black "Kudraszow, Filip"]
[Result "1/2-1/2"]
[BlackElo "1217"]
[WhiteElo "1295"]
[LiveChessVersion "1.4.8"]

1. e4 {[%clk 0:15:17]} c5 {[%clk 0:15:19]} 2. Nf3 {[%clk 0:15:23]} Nc6
{[%clk 0:15:27]} 3. d4 {[%clk 0:15:30]} cxd4 {[%clk 0:15:36]} 4. Nxd4
{[%clk 0:15:39]} g6 {[%clk 0:15:45]} 5. Nc3 {[%clk 0:15:42]} Bg7 {[%clk 0:15:52]}
6. Be3 {[%clk 0:15:50]} Nf6 {[%clk 0:16:00]} 7. f3 {[%clk 0:15:57]} O-O
{[%clk 0:16:05]} 8. Qd2 {[%clk 0:16:04]} d5 {[%clk 0:16:12]} 9. Nxc6 bxc6
{[%clk 0:16:21]} 10. O-O-O {[%clk 0:15:30]} Bb7 {[%clk 0:16:23]} 11. exd5
{[%clk 0:14:55]} cxd5 {[%clk 0:16:32]} 12. Bd4 {[%clk 0:14:19]} Re8
{[%clk 0:16:20]} 13. Bxf6 {[%clk 0:14:02]} Bxf6 {[%clk 0:16:01]} 14. Nxd5
{[%clk 0:13:42]} Bxd5 {[%clk 0:16:10]} 15. Qxd5 {[%clk 0:13:51]} Qb6
{[%clk 0:16:19]} 16. Qb3 {[%clk 0:13:45]} Rab8 {[%clk 0:16:18]} 17. Qxb6
{[%clk 0:12:07]} Rxb6 {[%clk 0:16:25]} 18. c3 {[%clk 0:12:08]} Reb8
{[%clk 0:16:20]} 19. b3 {[%clk 0:11:42]} Bxc3 {[%clk 0:16:21]} 20. Bc4
{[%clk 0:11:42]} Bf6 {[%clk 0:16:06]} 21. Kc2 {[%clk 0:11:33]} R6b7
{[%clk 0:15:51]} 22. Rd3 {[%clk 0:11:24]} Rc7 {[%clk 0:15:37]} 23. Rhd1
{[%clk 0:11:04]} Rbb7 {[%clk 0:15:36]} 24. f4 {[%clk 0:10:54]} e5
{[%clk 0:15:20]} 25. fxe5 {[%clk 0:09:58]} Bxe5 {[%clk 0:15:27]} 26. h3
{[%clk 0:10:06]} Kg7 {[%clk 0:14:52]} 27. Rd5 {[%clk 0:09:55]} Bf6
{[%clk 0:14:53]} 28. g4 {[%clk 0:09:57]} h6 {[%clk 0:14:06]} 29. Rd6
{[%clk 0:09:30]} Bg5 {[%clk 0:13:49]} 30. R1d4 {[%clk 0:08:34]} Re7
{[%clk 0:13:32]} 31. Rd1 {[%clk 0:08:17]} Rbc7 {[%clk 0:13:39]} 32. Kb1
{[%clk 0:07:44]} Rb7 {[%clk 0:13:22]} 33. R6d3 {[%clk 0:07:35]} Rec7
{[%clk 0:13:29]} 34. Kc2 {[%clk 0:07:34]} Re7 {[%clk 0:13:33]} 35. Rf3
{[%clk 0:06:15]} Rbc7 {[%clk 0:13:39]} 36. Kb1 {[%clk 0:06:15]} Rb7
{[%clk 0:13:46]} 37. Rfd3 {[%clk 0:04:59]} Rec7 {[%clk 0:13:45]} 38. Kc2
{[%clk 0:05:02]} Re7 {[%clk 0:13:53]} 39. Rf3 {[%clk 0:04:57]} 1/2-1/2

[Event "C10"]
[Site "?"]
[Date "2020.08.28"]
[Round "10.7"]
[White "Kaszuba, Michal"]
[Black "Majcher, Igor"]
[Result "1/2-1/2"]
[BlackElo "1317"]
[WhiteElo "1206"]
[LiveChessVersion "1.4.8"]

1. e4 {[%clk 0:15:19]} c5 {[%clk 0:15:19]} 2. f4 {[%clk 0:15:27]} d5
{[%clk 0:15:23]} 3. Bb5+ {[%clk 0:15:36]} Bd7 {[%clk 0:15:29]} 4. Bxd7+
{[%clk 0:15:42]} Qxd7 {[%clk 0:15:37]} 5. e5 {[%clk 0:15:49]} e6 {[%clk 0:15:44]}
6. Nf3 {[%clk 0:15:57]} Nc6 {[%clk 0:15:51]} 7. d3 {[%clk 0:16:04]} Nge7
{[%clk 0:15:56]} 8. c3 {[%clk 0:16:11]} Nc8 {[%clk 0:16:02]} 9. O-O
{[%clk 0:16:16]} Be7 {[%clk 0:16:07]} 10. Qe1 {[%clk 0:16:20]} h5
{[%clk 0:15:59]} 11. Na3 {[%clk 0:16:03]} a6 {[%clk 0:15:56]} 12. Nc2
{[%clk 0:16:07]} d4 {[%clk 0:15:36]} 13. c4 {[%clk 0:16:04]} a5 {[%clk 0:15:32]}
14. Bd2 {[%clk 0:15:16]} Nb4 {[%clk 0:15:37]} 15. Bxb4 {[%clk 0:14:55]} axb4
{[%clk 0:15:41]} 16. b3 {[%clk 0:15:04]} b5 {[%clk 0:15:14]} 17. Nd2
{[%clk 0:14:19]} Na7 {[%clk 0:14:53]} 18. cxb5 {[%clk 0:13:20]} Nxb5
{[%clk 0:14:48]} 19. Nc4 {[%clk 0:13:24]} Qb7 {[%clk 0:14:46]} 20. Qg3
{[%clk 0:13:02]} g6 {[%clk 0:14:27]} 21. Qf3 {[%clk 0:11:11]} Qxf3
{[%clk 0:14:25]} 22. Rxf3 {[%clk 0:11:07]} Nc3 {[%clk 0:14:17]} 23. a4
{[%clk 0:09:38]} bxa3 {[%clk 0:12:22]} 24. N2xa3 {[%clk 0:05:35]} Rb8
{[%clk 0:11:07]} 25. Nc2 {[%clk 0:05:38]} O-O {[%clk 0:10:48]} 26. Kf1
{[%clk 0:02:40]} Rxb3 {[%clk 0:10:29]} 27. Ke1 {[%clk 0:02:27]} Rb1+
{[%clk 0:10:17]} 28. Rxb1 {[%clk 0:01:43]} Nxb1 {[%clk 0:10:26]} 29. h3
{[%clk 0:01:13]} Rb8 {[%clk 0:10:13]} 30. N2a3 {[%clk 0:00:41]} Nxa3
{[%clk 0:10:03]} 31. Nxa3 {[%clk 0:00:50]} Rb3 {[%clk 0:09:56]} 32. Nc4
{[%clk 0:00:58]} Kf8 {[%clk 0:08:50]} 33. Kd2 {[%clk 0:01:06]} g5
{[%clk 0:08:34]} 34. fxg5 {[%clk 0:00:52]} Bxg5+ {[%clk 0:08:39]} 35. Kc2
{[%clk 0:01:01]} Rc3+ {[%clk 0:08:12]} 36. Kb1 {[%clk 0:00:36]} Rc1+
{[%clk 0:08:08]} 37. Kb2 {[%clk 0:00:45]} Rg1 {[%clk 0:08:16]} 38. Rf2
{[%clk 0:00:23]} Bh4 {[%clk 0:07:54]} 39. Re2 {[%clk 0:00:11]} Bg5
{[%clk 0:07:18]} 40. Nd6 {[%clk 0:00:16]} Be7 {[%clk 0:07:08]} 41. Nc4
{[%clk 0:00:25]} Bh4 {[%clk 0:06:35]} 42. Nd6 {[%clk 0:00:32]} Ke7
{[%clk 0:06:35]} 43. Kb3 {[%clk 0:00:19]} Bg3 {[%clk 0:06:24]} 44. Nc4
{[%clk 0:00:14]} Kd7 {[%clk 0:05:54]} 45. Kc2 {[%clk 0:00:13]} Kc6
{[%clk 0:05:34]} 46. Kb3 {[%clk 0:00:21]} Rd1 {[%clk 0:05:04]} 47. Kc2
{[%clk 0:00:30]} Ra1 {[%clk 0:04:57]} 48. Kb2 {[%clk 0:00:22]} Rg1
{[%clk 0:04:39]} 49. Kc2 {[%clk 0:00:25]} Bh4 {[%clk 0:04:19]} 50. Kd2
{[%clk 0:00:26]} Bg5+ {[%clk 0:04:09]} 51. Kc2 {[%clk 0:00:35]} Rc1+
{[%clk 0:04:15]} 52. Kb2 {[%clk 0:00:43]} Rf1 {[%clk 0:03:59]} 53. Kc2
{[%clk 0:00:20]} Be7 {[%clk 0:03:46]} 54. Kb2 {[%clk 0:00:19]} Kb5
{[%clk 0:03:50]} 55. Ka3 {[%clk 0:00:15]} Rc1 {[%clk 0:03:08]} 56. Rb2+
{[%clk 0:00:15]} Kc6 {[%clk 0:02:49]} 57. Rb6+ {[%clk 0:00:22]} Kd5
{[%clk 0:02:31]} 58. Rb7 {[%clk 0:00:20]} Bf8 {[%clk 0:02:24]} 1/2-1/2

[Event "C10"]
[Site "?"]
[Date "2020.08.28"]
[Round "10.9"]
[White "Bieronski, Nikodem"]
[Black "Futyma, Dawid"]
[Result "0-1"]
[BlackElo "1304"]
[WhiteElo "1134"]
[LiveChessVersion "1.4.8"]

1. e4 {[%clk 0:15:19]} c6 {[%clk 0:15:19]} 2. d4 {[%clk 0:15:27]} d5
{[%clk 0:15:27]} 3. exd5 {[%clk 0:15:36]} cxd5 {[%clk 0:15:36]} 4. c3
{[%clk 0:15:45]} Bf5 {[%clk 0:15:40]} 5. Bd3 {[%clk 0:15:52]} Bxd3
{[%clk 0:15:47]} 6. Qxd3 {[%clk 0:16:00]} Nf6 {[%clk 0:15:51]} 7. Qb5+
{[%clk 0:15:58]} Qd7 {[%clk 0:15:41]} 8. Qxd7+ {[%clk 0:16:06]} Nbxd7
{[%clk 0:15:48]} 9. Nf3 {[%clk 0:16:14]} e6 {[%clk 0:15:54]} 10. Be3
{[%clk 0:16:20]} Bd6 {[%clk 0:16:01]} 11. Nbd2 {[%clk 0:16:28]} O-O
{[%clk 0:16:01]} 12. O-O-O Rfc8 {[%clk 0:15:51]} 13. Rdg1 {[%clk 0:16:31]} b5
{[%clk 0:15:58]} 14. g4 {[%clk 0:16:28]} b4 {[%clk 0:16:03]} 15. Nb1
{[%clk 0:16:37]} Ne4 {[%clk 0:15:59]} 16. Kc2 {[%clk 0:16:29]} Nb6
{[%clk 0:15:57]} 17. Kb3 {[%clk 0:16:10]} Rab8 {[%clk 0:15:49]} 18. h4
{[%clk 0:16:06]} bxc3 {[%clk 0:15:56]} 19. Nxc3 {[%clk 0:16:07]} Nc4+
{[%clk 0:15:59]} 20. Kc2 {[%clk 0:16:12]} Nxb2 {[%clk 0:15:42]} 21. g5
{[%clk 0:16:01]} Rxc3+ {[%clk 0:15:48]} 0-1

[Event "C10"]
[Site "?"]
[Date "2020.08.28"]
[Round "10.10"]
[White "Dobrowolski, Kamil"]
[Black "Ozog, Bartosz"]
[Result "0-1"]
[BlackElo "1266"]
[WhiteElo "1120"]
[LiveChessVersion "1.4.8"]

1. e4 {[%clk 0:15:18]} e6 {[%clk 0:15:17]} 2. d4 {[%clk 0:15:22]} d5
{[%clk 0:15:25]} 3. Nd2 {[%clk 0:15:28]} Nf6 {[%clk 0:15:32]} 4. e5
{[%clk 0:15:20]} Ng8 {[%clk 0:15:36]} 5. Ngf3 {[%clk 0:15:23]} c5
{[%clk 0:15:45]} 6. c3 {[%clk 0:15:01]} Qb6 {[%clk 0:15:49]} 7. Bd3
{[%clk 0:13:38]} Nc6 {[%clk 0:15:55]} 8. dxc5 {[%clk 0:12:30]} Bxc5
{[%clk 0:15:50]} 9. O-O {[%clk 0:12:28]} a5 {[%clk 0:15:22]} 10. Nb3
{[%clk 0:11:11]} Be7 {[%clk 0:13:51]} 11. Nbd4 {[%clk 0:11:10]} Bc5
{[%clk 0:13:23]} 12. Re1 {[%clk 0:10:28]} Bd7 {[%clk 0:13:26]} 13. Bc2
{[%clk 0:09:18]} Nge7 {[%clk 0:12:09]} 14. Rb1 {[%clk 0:07:35]} Ng6
{[%clk 0:11:39]} 15. Bg5 {[%clk 0:06:08]} Rc8 {[%clk 0:11:10]} 16. Re2
{[%clk 0:04:46]} Qa7 {[%clk 0:09:37]} 17. Nb5 {[%clk 0:02:23]} Qb6
{[%clk 0:08:55]} 18. a4 {[%clk 0:01:51]} Na7 {[%clk 0:08:29]} 19. Nxa7
{[%clk 0:01:14]} Qxa7 {[%clk 0:08:19]} 20. b4 {[%clk 0:00:54]} Be7
{[%clk 0:08:00]} 21. Be3 {[%clk 0:00:41]} Qa8 {[%clk 0:07:36]} 22. Qd2
{[%clk 0:00:31]} axb4 {[%clk 0:07:22]} 23. cxb4 {[%clk 0:00:24]} Bxa4
{[%clk 0:07:23]} 24. Ra1 {[%clk 0:00:28]} b5 {[%clk 0:07:28]} 25. Ree1
{[%clk 0:00:16]} O-O {[%clk 0:06:32]} 26. Ra2 {[%clk 0:00:23]} Qc6
{[%clk 0:05:54]} 27. Bxa4 {[%clk 0:00:22]} bxa4 {[%clk 0:05:59]} 28. Rc1
{[%clk 0:00:28]} Qb5 {[%clk 0:06:00]} 29. Rb1 {[%clk 0:00:20]} Rc4
{[%clk 0:05:31]} 30. Rab2 {[%clk 0:00:16]} Rfc8 {[%clk 0:05:19]} 31. Nd4
{[%clk 0:00:17]} Qb7 {[%clk 0:05:11]} 32. Ra1 {[%clk 0:00:12]} Rxb4
{[%clk 0:04:13]} 33. Rxb4 {[%clk 0:00:17]} Bxb4 {[%clk 0:04:03]} 34. Qb2
{[%clk 0:00:15]} a3 {[%clk 0:03:49]} 35. Rxa3 {[%clk 0:00:22]} Qe7
{[%clk 0:03:29]} 36. Rb3 {[%clk 0:00:30]} Bc5 {[%clk 0:03:19]} 37. h3
{[%clk 0:00:14]} Bxd4 {[%clk 0:03:05]} 38. Qxd4 {[%clk 0:00:20]} h6
{[%clk 0:03:09]} 39. Rc3 {[%clk 0:00:27]} Rxc3 {[%clk 0:03:12]} 40. Qxc3
{[%clk 0:00:36]} Qd7 {[%clk 0:03:13]} 41. Qd4 {[%clk 0:00:44]} Qc7 42. Qa4
{[%clk 0:00:23]} Qb8 {[%clk 0:02:22]} 43. Qc2 {[%clk 0:00:15]} Qxe5
{[%clk 0:02:21]} 44. Qc8+ {[%clk 0:00:22]} Kh7 {[%clk 0:02:29]} 45. Qc1
{[%clk 0:00:29]} d4 {[%clk 0:02:29]} 46. Bf4 {[%clk 0:00:35]} Nxf4
{[%clk 0:02:34]} 0-1

[Event "C10"]
[Site "?"]
[Date "2020.08.28"]
[Round "11.1"]
[White "Butkiewicz, Jan"]
[Black "Sowinski, Pawel"]
[Result "0-1"]
[BlackElo "1497"]
[WhiteElo "1301"]
[LiveChessVersion "1.4.8"]

1. d4 {[%clk 0:15:19]} Nf6 {[%clk 0:15:19]} 2. c4 c5 3. Nf3 {[%clk 0:15:24]} cxd4
{[%clk 0:15:37]} 4. Nxd4 {[%clk 0:15:32]} g6 {[%clk 0:15:46]} 5. Bf4
{[%clk 0:15:30]} Bg7 {[%clk 0:15:52]} 6. Nc3 {[%clk 0:15:36]} Nc6
{[%clk 0:16:00]} 7. e3 {[%clk 0:15:24]} O-O {[%clk 0:16:03]} 8. Be2
{[%clk 0:15:23]} d6 {[%clk 0:16:12]} 9. Bf3 {[%clk 0:15:16]} Bd7 {[%clk 0:16:10]}
10. O-O {[%clk 0:14:52]} Na5 {[%clk 0:15:46]} 11. Bg5 {[%clk 0:13:15]} Nxc4
{[%clk 0:15:44]} 12. Bxb7 {[%clk 0:12:32]} Rb8 {[%clk 0:15:53]} 13. Bc6
{[%clk 0:12:34]} Nxb2 {[%clk 0:15:13]} 14. Qe2 {[%clk 0:12:15]} e5
{[%clk 0:14:43]} 15. Nb3 {[%clk 0:12:03]} Bxc6 {[%clk 0:14:45]} 16. Qxb2
{[%clk 0:12:11]} Qc8 {[%clk 0:14:28]} 17. Bxf6 {[%clk 0:11:22]} Bxf6
{[%clk 0:14:35]} 18. Qd2 {[%clk 0:11:12]} Rd8 {[%clk 0:13:21]} 19. Rac1
{[%clk 0:10:57]} Qe6 {[%clk 0:13:16]} 20. e4 {[%clk 0:10:07]} Bg7
{[%clk 0:12:29]} 21. Rfd1 {[%clk 0:08:31]} f5 {[%clk 0:12:20]} 22. f3
{[%clk 0:08:00]} fxe4 {[%clk 0:11:33]} 23. fxe4 h5 {[%clk 0:09:57]} 24. Nd5
{[%clk 0:07:35]} Bxd5 {[%clk 0:10:04]} 25. Qxd5 {[%clk 0:07:43]} Qxd5
{[%clk 0:09:50]} 26. Rxd5 {[%clk 0:07:52]} Bh6 {[%clk 0:09:16]} 27. Rc6
{[%clk 0:06:45]} Rb6 {[%clk 0:08:46]} 28. Rc7 {[%clk 0:06:34]} h4
{[%clk 0:08:20]} 29. Rxa7 {[%clk 0:04:15]} Rxb3 {[%clk 0:08:18]} 30. axb3
{[%clk 0:04:11]} Be3+ {[%clk 0:08:26]} 31. Kf1 {[%clk 0:04:21]} Bxa7
{[%clk 0:08:33]} 32. Ke2 {[%clk 0:04:30]} Kf7 33. Kd3 {[%clk 0:04:29]} Ke6
{[%clk 0:08:48]} 34. Ra5 {[%clk 0:04:31]} Bd4 {[%clk 0:08:52]} 35. Rd5
{[%clk 0:04:34]} Rc8 {[%clk 0:09:01]} 36. Rb5 {[%clk 0:04:37]} g5
{[%clk 0:09:05]} 37. Ke2 {[%clk 0:04:38]} Rc2+ {[%clk 0:09:14]} 38. Kf3
{[%clk 0:04:47]} Rf2+ {[%clk 0:09:01]} 39. Kg4 {[%clk 0:04:51]} Rxg2+
{[%clk 0:09:09]} 40. Kh3 {[%clk 0:04:48]} Rg1 {[%clk 0:09:15]} 41. Rb8
{[%clk 0:04:39]} Bf2 {[%clk 0:09:11]} 42. Rg8 {[%clk 0:04:43]} Kf7
{[%clk 0:09:16]} 43. Rxg5 {[%clk 0:04:48]} Rxg5 {[%clk 0:09:24]} 44. b4
{[%clk 0:04:56]} d5 {[%clk 0:09:29]} 45. b5 {[%clk 0:05:00]} d4 {[%clk 0:09:21]}
46. b6 {[%clk 0:05:04]} Bg3 {[%clk 0:09:28]} 47. b7 {[%clk 0:04:59]} Rg8
{[%clk 0:09:35]} 48. hxg3 {[%clk 0:05:05]} Rxg3+ {[%clk 0:09:38]} 49. Kxh4
{[%clk 0:05:12]} Rg8 {[%clk 0:09:47]} 50. b8=Q {[%clk 0:05:13]} Rxb8
{[%clk 0:09:55]} 51. Kg3 {[%clk 0:05:22]} d3 {[%clk 0:10:02]} 52. Kf3
{[%clk 0:05:31]} d2 {[%clk 0:10:09]} 53. Ke2 {[%clk 0:05:40]} Rb2
{[%clk 0:10:13]} 54. Kd1 {[%clk 0:05:49]} Kg6 {[%clk 0:10:19]} 55. Ke2
{[%clk 0:05:58]} Kg5 {[%clk 0:10:27]} 56. Kd1 {[%clk 0:06:07]} Kf4
{[%clk 0:10:36]} 57. Ke2 {[%clk 0:06:16]} Kxe4 {[%clk 0:10:44]} 58. Kd1
{[%clk 0:06:24]} Kd4 {[%clk 0:10:51]} 59. Ke2 {[%clk 0:06:32]} Kc3
{[%clk 0:10:59]} 60. Kd1 {[%clk 0:06:42]} Rb1+ {[%clk 0:11:08]} 61. Ke2
{[%clk 0:06:51]} d1=Q+ {[%clk 0:11:16]} 62. Ke3 {[%clk 0:07:00]} Qd4+
{[%clk 0:11:21]} 63. Kf3 {[%clk 0:07:08]} e4+ {[%clk 0:11:29]} 64. Kf4
{[%clk 0:07:17]} e3+ {[%clk 0:11:39]} 65. Kf5 {[%clk 0:07:27]} e2
{[%clk 0:11:46]} 66. Kg6 e1=R {[%clk 0:11:45]} 67. Kf5 {[%clk 0:07:49]} Rb5+
{[%clk 0:11:52]} 68. Kg6 {[%clk 0:07:57]} Re6+ {[%clk 0:11:58]} 69. Kf7
{[%clk 0:08:05]} Qd7+ {[%clk 0:12:06]} 70. Kf8 Rf5+ 71. Kg8 0-1

[Event "C10"]
[Site "?"]
[Date "2020.08.28"]
[Round "11.2"]
[White "Rozanski, Mateusz"]
[Black "Karaszewski, Gabriel"]
[Result "1-0"]
[BlackElo "1385"]
[WhiteElo "1582"]
[LiveChessVersion "1.4.8"]

1. e4 {[%clk 0:15:18]} c5 {[%clk 0:15:20]} 2. Nf3 {[%clk 0:15:26]} Nc6
{[%clk 0:15:29]} 3. d4 {[%clk 0:15:35]} cxd4 {[%clk 0:15:38]} 4. Nxd4
{[%clk 0:15:44]} Nf6 {[%clk 0:15:46]} 5. Nc3 {[%clk 0:15:53]} d6 {[%clk 0:15:55]}
6. Be3 {[%clk 0:15:59]} Ng4 {[%clk 0:16:04]} 7. Bb5 {[%clk 0:16:07]} Bd7
{[%clk 0:15:38]} 8. Nxc6 {[%clk 0:16:12]} bxc6 {[%clk 0:15:37]} 9. Bxc6
{[%clk 0:16:20]} Nxe3 {[%clk 0:15:03]} 10. Bxd7+ {[%clk 0:16:28]} Qxd7
{[%clk 0:15:11]} 11. fxe3 {[%clk 0:16:36]} Rb8 {[%clk 0:14:42]} 12. O-O
{[%clk 0:16:17]} Rxb2 {[%clk 0:12:23]} 13. Rb1 {[%clk 0:16:23]} Rxb1
{[%clk 0:11:53]} 14. Qxb1 {[%clk 0:16:29]} e6 {[%clk 0:10:37]} 15. Qb8+
{[%clk 0:16:33]} Ke7 {[%clk 0:10:45]} 16. e5 {[%clk 0:16:31]} d5 17. Nb5
{[%clk 0:16:07]} a6 {[%clk 0:09:16]} 18. Nd6 {[%clk 0:16:15]} f6 {[%clk 0:09:17]}
19. Rb1 {[%clk 0:16:00]} 1-0

[Event "C10"]
[Site "?"]
[Date "2020.08.28"]
[Round "11.3"]
[White "Ochedzan, Filip"]
[Black "Wesolowski, Jeremi"]
[Result "0-1"]
[BlackElo "1152"]
[WhiteElo "1371"]
[LiveChessVersion "1.4.8"]

1. e4 {[%clk 0:15:19]} c5 {[%clk 0:15:19]} 2. Nf3 {[%clk 0:15:27]} e6
{[%clk 0:15:27]} 3. d4 {[%clk 0:15:34]} cxd4 {[%clk 0:15:34]} 4. Nxd4
{[%clk 0:15:40]} Nc6 {[%clk 0:15:43]} 5. Nxc6 {[%clk 0:15:13]} bxc6
{[%clk 0:15:49]} 6. Bd3 {[%clk 0:15:17]} d5 {[%clk 0:15:52]} 7. exd5
{[%clk 0:15:20]} cxd5 {[%clk 0:16:01]} 8. O-O {[%clk 0:15:11]} Nf6
{[%clk 0:16:08]} 9. Re1 {[%clk 0:14:57]} Bd6 {[%clk 0:15:53]} 10. Bg5
{[%clk 0:14:49]} Rb8 {[%clk 0:15:39]} 11. b3 {[%clk 0:14:23]} Qc7
{[%clk 0:15:07]} 12. h3 {[%clk 0:14:10]} Be5 {[%clk 0:15:11]} 13. c3
{[%clk 0:13:59]} Bxc3 {[%clk 0:15:14]} 14. Nxc3 {[%clk 0:14:07]} Qxc3
{[%clk 0:15:23]} 15. Rc1 {[%clk 0:14:06]} Qa5 {[%clk 0:15:29]} 16. Bxf6
{[%clk 0:13:23]} gxf6 {[%clk 0:15:35]} 17. Qc2 {[%clk 0:13:13]} Bb7
{[%clk 0:13:45]} 18. Qb2 {[%clk 0:10:04]} Ke7 {[%clk 0:12:47]} 19. Qd4
{[%clk 0:08:13]} Rbc8 {[%clk 0:12:03]} 20. b4 {[%clk 0:05:26]} Qb6
{[%clk 0:11:46]} 21. Rc5 {[%clk 0:04:49]} e5 {[%clk 0:11:00]} 22. Qc3
{[%clk 0:04:46]} d4 {[%clk 0:11:03]} 23. Qxd4 {[%clk 0:04:48]} Rhd8
{[%clk 0:11:02]} 24. Qc3 {[%clk 0:04:23]} Rxc5 {[%clk 0:10:53]} 25. bxc5
{[%clk 0:04:27]} Qc7 {[%clk 0:09:19]} 26. Bb5 {[%clk 0:03:58]} Rg8
{[%clk 0:08:35]} 27. c6 {[%clk 0:03:06]} Bc8 {[%clk 0:06:12]} 28. Qa3+
{[%clk 0:02:07]} Ke8 {[%clk 0:06:05]} 29. Kh1 {[%clk 0:02:07]} Qb6
{[%clk 0:05:59]} 30. Qd3 {[%clk 0:00:40]} Qxf2 {[%clk 0:04:00]} 31. c7+
{[%clk 0:00:28]} Ke7 32. Qa3+ {[%clk 0:00:18]} Ke6 {[%clk 0:04:17]} 33. Qb3+
{[%clk 0:00:27]} Kf5 {[%clk 0:04:18]} 34. Bd3+ {[%clk 0:00:17]} Kg5
{[%clk 0:03:50]} 35. Rf1 {[%clk 0:00:19]} Qg3 {[%clk 0:03:47]} 36. Rf3
{[%clk 0:00:20]} Qe1+ {[%clk 0:03:56]} 37. Kh2 {[%clk 0:00:27]} e4
{[%clk 0:03:59]} 38. Rg3+ {[%clk 0:00:35]} Qxg3+ {[%clk 0:02:47]} 39. Kxg3
{[%clk 0:00:43]} exd3 {[%clk 0:02:56]} 40. Qxd3 {[%clk 0:00:32]} Kh6+
{[%clk 0:02:50]} 41. Kh2 {[%clk 0:00:40]} a6 {[%clk 0:02:14]} 42. Qd8
{[%clk 0:00:42]} Kg7 {[%clk 0:01:45]} 43. Qd6 {[%clk 0:00:22]} h6
{[%clk 0:01:28]} 44. Kg3 {[%clk 0:00:22]} Bb7 {[%clk 0:01:19]} 0-1

[Event "C10"]
[Site "?"]
[Date "2020.08.28"]
[Round "11.4"]
[White "Ozog, Bartosz"]
[Black "Zmarzly, Wiktor"]
[Result "1-0"]
[BlackElo "1313"]
[WhiteElo "1266"]
[LiveChessVersion "1.4.8"]

1. d4 d5 2. c4 e6 3. Nc3 Nf6 4. Bf4 c6 5. Nf3 Nbd7 6. e3 Be7 7. Qb3 Nh5 8. Bg3
Nxg3 9. hxg3 Qb6 10. Qxb6 Nxb6 11. cxd5 cxd5 12. Nb5 O-O 13. Bd3 g6 14. a3 a6 15.
Nc3 Bd7 16. Ne5 Be8 17. Ke2 f6 18. Nf3 Bd6 19. e4 dxe4 20. Bxe4 Rf7 21. Bd3 Bc6
22. Be4 Nd5 23. Bxd5 exd5 24. Kd2 Re7 25. Rhe1 Rae8 26. Rxe7 Rxe7 27. Re1 Rxe1
28. Kxe1 Kf7 29. Kd2 h6 30. Ne1 h5 31. Nd3 Bf8 32. b4 b6 33. Ke2 Be7 34. Nf4 Bd8
35. Nfxd5 g5 36. Ne3 1-0